Catalog

Record Details

Catalog Search



Available copies

  • 1 of 1 copy available at LARL/NWRL Consortium.
  • 1 of 1 copy available at Northwest Regional Library. (Show preferred library)

Current holds

0 current holds with 1 total copy.

Show Only Available Copies
Location Call Number / Copy Notes Barcode Shelving Location Status Due Date
Hallock Public Library j LEM (Text) 35500005024268 Main Available -

Record details

  • ISBN: 9781434232144
  • ISBN: 143423214X
  • ISBN: 9781434234513
  • ISBN: 1434234517
  • Physical Description: 128 pages : illustrations ; 22 cm.
  • Publisher: Mankato, Minn. : Stone Arch Books, 2012.

Content descriptions

Summary, etc.:
Omar Grebes and his friend Tommy Goff are both ... Read More
Subject: Skateboarding > Juvenile fiction.
Secret societies > Juvenile fiction.
Best friends > Juvenile fiction.
Friendship > Juvenile fiction.
Adventure stories.
Adventure stories.
Best friends.
Friendship.
Secret societies.
Skateboarding.
Genre: Fiction.
Juvenile works.
LDR 02132cam a2200529Ma 4500
001415430
003LARL_NWRL_CONSORTIUM
00520230519201227.0
008110418s2012 mnua c 000 1 eng d
010 . ‡a 2011016665
040 . ‡aIWR ‡beng ‡cIWR ‡dOCLCF ‡dOCLCO ‡dOCL ‡dOCLCQ ‡dOCLCO
020 . ‡a9781434232144 ‡q(library binding)
020 . ‡a143423214X
020 . ‡a9781434234513 ‡q(pbk.)
020 . ‡a1434234517
035 . ‡a(OCoLC)1021080637
043 . ‡an-us-ca
08200. ‡a[Fic] ‡222
08200. ‡a813.6 ‡222
1001 . ‡aLemke, Donald B. ‡0(LARL_NWRL_CONSORTIUM)193390
24510. ‡aDrop in / ‡cwritten by Donald Lemke ; illustrated by Caio Majado.
260 . ‡aMankato, Minn. : ‡bStone Arch Books, ‡c2012.
300 . ‡a128 pages : ‡billustrations ; ‡c22 cm.
336 . ‡atext ‡btxt ‡2rdacontent
337 . ‡aunmediated ‡bn ‡2rdamedia
338 . ‡avolume ‡bnc ‡2rdacarrier
4900 . ‡aTony Hawk's 900 revolution ; ‡v1
520 . ‡aOmar Grebes and his friend Tommy Goff are both reckless skateboarders, but when they become involved with a mysterious organization called The Revolution, things get confusing and dangerous.
650 0. ‡aSkateboarding ‡vJuvenile fiction.
650 0. ‡aSecret societies ‡vJuvenile fiction.
650 0. ‡aBest friends ‡vJuvenile fiction. ‡0(LARL_NWRL_CONSORTIUM)170952
650 0. ‡aFriendship ‡vJuvenile fiction. ‡0(LARL_NWRL_CONSORTIUM)164914
650 0. ‡aAdventure stories. ‡0(LARL_NWRL_CONSORTIUM)12829
650 7. ‡aAdventure stories. ‡2fast ‡0(LARL_NWRL_CONSORTIUM)12829
650 7. ‡aBest friends. ‡2fast ‡0(LARL_NWRL_CONSORTIUM)42255
650 7. ‡aFriendship. ‡2fast ‡0(LARL_NWRL_CONSORTIUM)20818
650 7. ‡aSecret societies. ‡2fast ‡0(LARL_NWRL_CONSORTIUM)30546
650 7. ‡aSkateboarding. ‡2fast ‡0(LARL_NWRL_CONSORTIUM)31065
655 7. ‡aFiction. ‡2fast
655 7. ‡aJuvenile works. ‡2fast
901 . ‡a415430 ‡b ‡c415430 ‡tbiblio

Additional Resources